000 00720nam a22002297a 4500
005 20170124110012.0
010 _a928840
020 _c00.00
035 _a928840
037 _bCen Lib/Ret
040 _aDPL
_bEN
082 _a170
_bSIN
100 _aSingh, K. N.
_917942
245 _aGandhi and Marx :
_cby K. N. Singh
_ban ethico-philosophical study /
260 _aPatna
_bAssociated Book Agency
_c1979
270 _aAshok Rajpath
_bPatna
_e800006
300 _a176p.
_c21cm(Hb)
500 _aIncludes bibliographical reference and index
650 _aGandhi, -- Mahatma, -- 1869-1948 -- Ethics
_917943
650 _aMarx, Karl, -- 1818-1883 -- Ethics
_917944
942 _2ddc
_cEN
_h170
_mSIN
999 _c126596
_d126596